zpět

Detail výsledku týmu

Klub Tyjátr, Svitavy

Datum a čas kvízu

33 Celkem bodů Celkový počet nahraných bodů na tomto kvízu bez doplňovacích otázek.
1. Pořadí na kvízu Konečné umístění týmu na tomto kvízu.

Zaznamenané odpovědi

# Otázka Odpověď Body Výsledky
1. Který obchodní řetězec minulý... Billa 0
2. Rádio svobodná Evropa/Rádio Sv... v Maďarsku 0
3. Amazon minulý týden oznámil, ž... Hvězdná brána 1
4. Minulý týden došlo ke změně ma... nákupní centrum Palladium 0
5. Minulý týden se jeden evropský... FC Barcelona, Camp Nou 1
6. Za půl bodu uveďte název ameri... Bratrstvo neohrožených/Band of Brothers; Richard „Dick“ Winters 1
7. Seřaďte následující vojenské h... 1D 2A 3C 4B 1
8. Po půl bodu můžete dostat za u... Karel Kryl; Bratříčku, zavírej vrátka 1
9. Uveďte jméno zobrazeného česko... Alois Eliáš 1
10. Ve kterém satirickém románu vy... Hlava XXII (Catch-22) 1